[Event "Karelia-ch"]
[Site "Petrozavodsk"]
[Date "2014.02.22"]
[Round "8"]
[White "Gudkov, Grigory O"]
[Black "Pimenov, Revolt"]
[Result "0-1"]
[WhiteElo "1940"]
[BlackElo "2123"]
[PlyCount "90"]
[EventDate "2014.02.18"]
[EventType "swiss"]
[EventRounds "9"]
[EventCountry "RUS"]
[SourceTitle "EXT 2016"]
[Source "ChessBase"]
[SourceDate "2015.10.08"]
[SourceVersion "1"]
[SourceVersionDate "2015.10.08"]
[SourceQuality "1"]

1. e4 e6 2. d4 d5 3. Nc3 Nf6 4. Bg5 Bb4 5. exd5 Qxd5 6. Bxf6 gxf6 7. a3 Bxc3+ 8. bxc3 Qe4+ 9. Qe2 Qxe2+ 10. Bxe2 Nc6 11. Nf3 b6 12. Bb5 Bd7 13. 0-0-0 Na5 14. Bxd7+ Kxd7 15. Nd2 Rhg8 16. g3 Rg5 17. Ne4 Rf5 18. Kb2 Nc4+ 19. Kb3 Nd6 20. Nxd6 cxd6 21. f4 Rb5+ 22. Ka2 Rc8 23. Rd3 h5 24. h4 Ra5 25. Rb1 Ra4 26. Rb5 d5 27. Rb4 Rxb4 28. axb4 a5 29. Kb3 Kc6 30. bxa5 bxa5 31. Ka3 Kb5 32. Re3 Kc4 33. Rd3 f5 34. Re3 Ra8 35. Rd3 Rb8 36. Ka2 Rb3 37. cxb3+ Kxd3 38. b4 axb4 39. cxb4 Kxd4 40. Kb3 f6 41. Ka4 e5 42. b5 Kc5 43. Ka5 e4 44. b6 e3 45. b7 e2 0-1

[Event "Karelia-ch"]
[Site "Petrozavodsk"]
[Date "2014.02.22"]
[Round "7"]
[White "Sawolainen, Leo"]
[Black "Gudkov, Grigory O"]
[Result "0-1"]
[WhiteElo "2094"]
[BlackElo "1940"]
[PlyCount "78"]
[EventDate "2014.02.18"]
[EventType "swiss"]
[EventRounds "9"]
[EventCountry "RUS"]
[SourceTitle "EXT 2016"]
[Source "ChessBase"]
[SourceDate "2015.10.08"]
[SourceVersion "1"]
[SourceVersionDate "2015.10.08"]
[SourceQuality "1"]

1. d4 Nf6 2. c4 g6 3. Nc3 d5 4. Nf3 Bg7 5. Qb3 c6 6. Bf4 0-0 7. h3 dxc4 8. Qxc4 Be6 9. Qd3 Nd5 10. Bd2 Nb4 11. Qb1 Bxd4 12. Nxd4 Qxd4 13. a3 Nd5 14. e4 Nxc3 15. Bxc3 Qa4 16. Bd3 Bc4 17. 0-0 Nd7 18. b4 Qb3 19. Qxb3 Bxb3 20. f4 Nb6 21. Rf3 Bc4 22. Bc2 e6 23. g4 Rad8 24. h4 Be2 25. Rg3 h5 26. gxh5 Bxh5 27. Bb3 Kh7 28. Re1 Rfe8 29. a4 Nc8 30. f5 exf5 31. Bxf7 Rxe4 32. Rxe4 fxe4 33. Rg5 Rd1+ 34. Kf2 Rd3 35. Be6 Rxc3 36. Bxc8 e3+ 37. Kg2 Rc2+ 38. Kg3 e2 39. Re5 Rc1 0-1

[Event "Karelia-ch"]
[Site "Petrozavodsk"]
[Date "2014.02.21"]
[Round "5"]
[White "Ermakov, Evgeny S"]
[Black "Gudkov, Grigory O"]
[Result "1-0"]
[WhiteElo "2046"]
[BlackElo "1940"]
[PlyCount "75"]
[EventDate "2014.02.18"]
[EventType "swiss"]
[EventRounds "9"]
[EventCountry "RUS"]
[SourceTitle "EXT 2016"]
[Source "ChessBase"]
[SourceDate "2015.10.08"]
[SourceVersion "1"]
[SourceVersionDate "2015.10.08"]
[SourceQuality "1"]

1. d4 Nf6 2. c4 g6 3. Nc3 d5 4. cxd5 Nxd5 5. e4 Nxc3 6. bxc3 Bg7 7. Be3 0-0 8. Nf3 c5 9. Be2 Nc6 10. 0-0 Bg4 11. d5 Bxf3 12. gxf3 Na5 13. Rc1 b6 14. c4 f5 15. Qd2 Nb7 16. Bh6 fxe4 17. Bxg7 Kxg7 18. fxe4 Nd6 19. Bd3 Qd7 20. Qg5 Nf7 21. Qg3 Qd6 22. f4 Nh6 23. Rf2 Qd7 24. h3 e6 25. Rcf1 Rad8 26. f5 exf5 27. e5 b5 28. Qe3 bxc4 29. Bxc4 f4 30. Rxf4 Rxf4 31. Qxf4 Nf5 32. Qg5 Rf8 33. e6 Qc7 34. e7 Qxe7 35. Rxf5 Qe1+ 36. Rf1 Rxf1+ 37. Bxf1 h6 38. Qf4 1-0

[Event "Karelia-ch"]
[Site "Petrozavodsk"]
[Date "2014.02.19"]
[Round "2"]
[White "Gudkov, Grigory O"]
[Black "Dmitriev, Andrey V"]
[Result "1-0"]
[WhiteElo "1940"]
[BlackElo "1966"]
[PlyCount "79"]
[EventDate "2014.02.18"]
[EventType "swiss"]
[EventRounds "9"]
[EventCountry "RUS"]
[SourceTitle "EXT 2016"]
[Source "ChessBase"]
[SourceDate "2015.10.08"]
[SourceVersion "1"]
[SourceVersionDate "2015.10.08"]
[SourceQuality "1"]

1. e4 e5 2. Nf3 Nc6 3. Bb5 a6 4. Ba4 Nf6 5. 0-0 Be7 6. Re1 b5 7. Bb3 d6 8. c3 0-0 9. h3 Nb8 10. d4 Nbd7 11. Nbd2 Bb7 12. Bc2 Re8 13. Nf1 Bf8 14. Ng3 g6 15. a4 Bg7 16. dxe5 dxe5 17. Be3 c5 18. Qe2 c4 19. b3 cxb3 20. Bxb3 Bc6 21. Rad1 Qc7 22. Qa2 Re7 23. Ng5 Rf8 24. Bc1 bxa4 25. Bd5 Nc5 26. Ba3 Nfd7 27. Bxc6 Qxc6 28. Rd5 Rc8 29. Red1 h6 30. Rd6 Qc7 31. Rxg6 Nf8 32. Rxg7+ Kxg7 33. Nf5+ Kg6 34. Bxc5 Qxc5 35. Rd6+ Qxd6 36. Nxd6 Rxc3 37. Ngxf7 Rb3 38. Qxa4 Rb1+ 39. Kh2 Rxf7 40. Nxf7 1-0

[Event "Petrozavodsk Karelian Autumn"]
[Site "Petrozavodsk"]
[Date "2013.10.19"]
[Round "9"]
[White "Yaakkimainen, Vyaino R"]
[Black "Gudkov, Grigory O"]
[Result "1-0"]
[WhiteElo "2155"]
[BlackElo "1940"]
[PlyCount "61"]
[EventDate "2013.10.12"]
[EventType "swiss"]
[EventRounds "9"]
[EventCountry "RUS"]
[SourceTitle "EXT 2014"]
[Source "ChessBase"]
[SourceDate "2013.11.20"]
[SourceVersion "1"]
[SourceVersionDate "2013.11.20"]
[SourceQuality "1"]

1. Nf3 Nf6 2. c4 d5 3. cxd5 Nxd5 4. d4 e6 5. Nc3 c5 6. e4 cxd4 7. Qxd4 Nxc3 8. Qxc3 Nc6 9. Bb5 Bd7 10. 0-0 Qa5 11. Bxc6 Qxc3 12. Bxd7+ Kxd7 13. bxc3 Rc8 14. Rd1+ Ke8 15. Be3 a6 16. a4 Rxc3 17. Rab1 Rc7 18. Bf4 Rc8 19. Rxb7 Bc5 20. Rdd7 Kf8 21. Rxf7+ Ke8 22. Rxg7 Rf8 23. Bg5 Bd6 24. e5 Ba3 25. h4 h5 26. Be7 Rc1+ 27. Kh2 Bxe7 28. Rgxe7+ Kd8 29. Rbd7+ Kc8 30. Ra7 Kd8 31. Nd4 1-0

[Event "Petrozavodsk Karelian Autumn"]
[Site "Petrozavodsk"]
[Date "2013.10.14"]
[Round "4"]
[White "Gudkov, Grigory O"]
[Black "Kolegov, Andrey"]
[Result "0-1"]
[WhiteElo "1940"]
[BlackElo "1981"]
[PlyCount "112"]
[EventDate "2013.10.12"]
[EventType "swiss"]
[EventRounds "9"]
[EventCountry "RUS"]
[SourceTitle "EXT 2014"]
[Source "ChessBase"]
[SourceDate "2013.11.20"]
[SourceVersion "1"]
[SourceVersionDate "2013.11.20"]
[SourceQuality "1"]

1. e4 e5 2. Nf3 Nc6 3. Bb5 a6 4. Ba4 Nf6 5. 0-0 b5 6. Bb3 Bb7 7. Re1 Bc5 8. c3 d6 9. d4 Bb6 10. h3 h6 11. Bc2 0-0 12. Be3 Re8 13. d5 Ne7 14. Bxb6 cxb6 15. Nbd2 Rc8 16. Nf1 Rc5 17. Ng3 Ng6 18. Bd3 Nf4 19. Bf1 Bc8 20. Nd2 h5 21. Nb3 Rc7 22. Bd3 g6 23. Ne2 g5 24. Nxf4 gxf4 25. Nd2 Kh8 26. Be2 h4 27. Bg4 Nxg4 28. hxg4 Qg5 29. f3 f6 30. Re2 Rh7 31. Qf1 Kg7 32. Kh2 h3 33. gxh3 Reh8 34. Qg2 Qh4 35. Rg1 Kg6 36. c4 Bd7 37. b3 Qh6 38. Nf1 bxc4 39. bxc4 b5 40. cxb5 Bxb5 41. Rf2 Kf7 42. Kh1 Qf8 43. Kh2 Qh6 44. Kh1 Qf8 45. Kh2 Qc8 46. Rd2 Qc3 47. Rf2 Bd3 48. Rh1 Bxe4 49. Kg1 Bxd5 50. Nd2 Rc8 51. Ne4 Bxe4 52. fxe4 Qe3 53. Kh2 Rc3 54. Kg1 Rc1+ 55. Kh2 Rxh1+ 56. Kxh1 Rxh3+ 0-1

[Event "Karelian Autumn"]
[Site "Petrozavodsk"]
[Date "2012.10.18"]
[Round "7"]
[White "Ivanov, Sergey A"]
[Black "Gudkov, Grigory O"]
[Result "1-0"]
[WhiteElo "2359"]
[BlackElo "1865"]
[PlyCount "98"]
[EventDate "2012.10.14"]
[EventType "swiss"]
[EventRounds "9"]
[EventCountry "RUS"]
[SourceTitle "EXT 2013"]
[Source "ChessBase"]
[SourceDate "2012.11.22"]
[SourceVersion "1"]
[SourceVersionDate "2012.11.22"]
[SourceQuality "1"]

1. c4 Nf6 2. Nc3 e5 3. Nf3 Nc6 4. e3 d5 5. cxd5 Nxd5 6. Bb5 Nxc3 7. bxc3 Bg4 8. h3 Bxf3 9. Qxf3 Qf6 10. d4 Qxf3 11. gxf3 exd4 12. cxd4 0-0-0 13. Bxc6 bxc6 14. Bb2 Bb4+ 15. Ke2 Rhe8 16. Rac1 Re6 17. Rc4 Ba5 18. Rg1 g6 19. a4 Rd5 20. f4 Bb6 21. Rg5 f6 22. Rxd5 cxd5 23. Rc1 c6 24. f5 gxf5 25. Kf3 Bc7 26. Rg1 Re7 27. Rg8+ Kb7 28. Rf8 Re4 29. Rxf6 Rh4 30. Kg2 f4 31. Rf7 fxe3 32. fxe3 Rh6 33. Ba3 Kb8 34. Bc5 a6 35. Be7 Kc8 36. h4 Rg6+ 37. Kf2 Rh6 38. h5 Re6 39. Kf3 Ba5 40. Bh4 Bd2 41. Re7 Rd6 42. Bg3 Rf6+ 43. Bf4 Bb4 44. Ra7 a5 45. Kg4 Bd2 46. Rxh7 c5 47. Re7 Kd8 48. Re5 Bb4 49. Rxd5+ Ke7 1-0

[Event "Karelia-ch 65th"]
[Site "Kondopoga"]
[Date "2012.02.25"]
[Round "7"]
[White "Gromov, Leonid"]
[Black "Gudkov, Grigory O"]
[Result "1/2-1/2"]
[WhiteElo "1750"]
[BlackElo "1884"]
[PlyCount "106"]
[EventDate "2012.02.21"]
[EventType "swiss"]
[EventRounds "9"]
[EventCountry "RUS"]
[SourceTitle "EXT 2013"]
[Source "ChessBase"]
[SourceDate "2012.11.22"]
[SourceVersion "1"]
[SourceVersionDate "2012.11.22"]
[SourceQuality "1"]

1. e4 c5 2. Nc3 e6 3. g3 g6 4. Bg2 Bg7 5. Nge2 Nc6 6. d3 Nge7 7. 0-0 a6 8. Be3 d6 9. d4 cxd4 10. Nxd4 0-0 11. Qd2 Qc7 12. Rad1 Rd8 13. Nxc6 bxc6 14. Bd4 e5 15. Bc5 Bg4 16. Bxd6 Bxd1 17. Rxd1 Qd7 18. Qe2 Qe6 19. Bc7 Rd7 20. Ba5 Nc8 21. Ra1 Nd6 22. Na4 Qc4 23. Qxc4 Nxc4 24. Bc3 Rad8 25. Bf3 Nd2 26. Bg2 Nc4 27. Bf3 f6 28. Nc5 Ra7 29. Be2 Nd6 30. a4 a5 31. f3 Bh6 32. Kf2 Bf8 33. Ne6 Rb8 34. Nxf8 Kxf8 35. Ke3 Ke7 36. f4 exf4+ 37. gxf4 Rd8 38. e5 fxe5 39. fxe5 Nf5+ 40. Ke4 c5 41. Be1 Rd4+ 42. Kf3 g5 43. Bd3 Rf4+ 44. Ke2 Nd4+ 45. Kd1 Nf3 46. Bg3 Rf8 47. c3 Rd8 48. Ke2 g4 49. Bf2 Rc7 50. c4 Nxe5 51. Bh4+ Ke8 52. Bxd8 Kxd8 53. Rd1 Ke8 1/2-1/2

[Event "Karelia-ch 65th"]
[Site "Kondopoga"]
[Date "2012.02.23"]
[Round "4"]
[White "Yachmenev, Mikhail A"]
[Black "Gudkov, Grigory O"]
[Result "1-0"]
[WhiteElo "2208"]
[BlackElo "1884"]
[PlyCount "39"]
[EventDate "2012.02.21"]
[EventType "swiss"]
[EventRounds "9"]
[EventCountry "RUS"]
[SourceTitle "EXT 2013"]
[Source "ChessBase"]
[SourceDate "2012.11.22"]
[SourceVersion "1"]
[SourceVersionDate "2012.11.22"]
[SourceQuality "1"]

1. e4 c5 2. Nf3 Nc6 3. Bb5 e6 4. 0-0 Nge7 5. Re1 a6 6. Bxc6 Nxc6 7. d4 cxd4 8. Nxd4 d6 9. Nc3 Be7 10. Nxc6 bxc6 11. Qg4 Bf6 12. e5 dxe5 13. Rd1 Qe7 14. Ne4 0-0 15. Be3 Kh8 16. Bc5 Qe8 17. Nxf6 gxf6 18. Qh4 Bb7 19. Qxf6+ Kg8 20. Rd3 1-0

[Event "Karelian Autumn"]
[Site "Petrozavodsk"]
[Date "2011.10.13"]
[Round "7"]
[White "Gudkov, Grigory O"]
[Black "Nasonov, Vadim"]
[Result "0-1"]
[WhiteElo "1811"]
[BlackElo "2148"]
[PlyCount "84"]
[EventDate "2011.10.08"]
[EventType "swiss"]
[EventRounds "9"]
[EventCountry "RUS"]
[SourceTitle "EXT 2012"]
[Source "ChessBase"]
[SourceDate "2011.11.24"]
[SourceVersion "1"]
[SourceVersionDate "2011.11.24"]
[SourceQuality "1"]

1. e4 d5 2. exd5 Qxd5 3. Nc3 Qa5 4. d4 c6 5. Nf3 Nf6 6. Bc4 Bf5 7. Bd2 Qc7 8. Qe2 e6 9. 0-0-0 Nbd7 10. Ne5 Nxe5 11. dxe5 Nd5 12. g4 Bg6 13. f4 0-0-0 14. Rhg1 Nxc3 15. Bxc3 Rxd1+ 16. Rxd1 h5 17. Qd2 Bc5 18. h3 hxg4 19. hxg4 Be4 20. Qe2 Bd5 21. Bxd5 cxd5 22. Bd4 Bxd4 23. Rxd4 Rh1+ 24. Rd1 Rxd1+ 25. Kxd1 Qb6 26. Kc1 Qg1+ 27. Qd1 Qf2 28. f5 Qf4+ 29. Qd2 Qxe5 30. Qb4 exf5 31. Qf8+ Kd7 32. Qxf7+ Kc6 33. b4 Qe1+ 34. Kb2 Qxb4+ 35. Kc1 Qe1+ 36. Kb2 Qe5+ 37. Kb1 fxg4 38. Qg6+ Kc5 39. Qxg4 Qe1+ 40. Kb2 Qb4+ 41. Qxb4+ Kxb4 42. a3+ Kc4 0-1